000 00268nam a22001217a 4500
082 _a891.43930
100 _aMUMTAZ MUFTI
245 _aPIYAAZ KAY CHHILKAKY
260 _aLohare,
_bAl Faisal Publisher,
_c2005.
300 _a184p. ;
500 _aHardcover.
942 _cBK
999 _c32575
_d32575